Fearless Dawn: Belly of the Beast #4 /

Fearless Dawn's arch-nemesis Helga Von Krauss has dug a tunnel from Manitoba clear through to Hollywood, California, and she plans on taking over everything! She wants the airwaves! She wants TV! Will Fearless Dawn stop the show? Don't miss the dramatic conclusion to the FEARLESS DAWN: BEL...

Full description

Bibliographic Details
Corporate Author: Library Pass, LLC
Other Authors: Mannion, Steve (writer.)
Format: eBook
Language:English
Published: [United States] : Asylum Press, 2011.
Subjects:
Online Access:Connect to this electronic book (First time users create your free account)

MARC

Tag First Indicator Second Indicator Subfields
LEADER 00000nmm a22000001a 4500
001 in00004627770
006 m|||||o||m||||||||
007 cr|cn |||uuuuu
008 221118s2011 xxu||||eo|||| ||||||eng d
005 20221207221838.3
035 |a (TxWaIVM)IV5666AsFe 
040 |a TxWaIVM  |c TxWaIVM 
245 0 0 |a Fearless Dawn: Belly of the Beast #4 /  |c powered by Library Pass. 
260 3 |a [United States] :  |b Asylum Press,  |c 2011. 
300 |a 1 online resource. 
336 |a text  |b txt  |2 rdacontent 
337 |a computer  |b c  |2 rdamedia 
338 |a online resource  |b cr  |2 rdacarrier 
520 |a Fearless Dawn's arch-nemesis Helga Von Krauss has dug a tunnel from Manitoba clear through to Hollywood, California, and she plans on taking over everything! She wants the airwaves! She wants TV! Will Fearless Dawn stop the show? Don't miss the dramatic conclusion to the FEARLESS DAWN: BELLY OF THE BEAST mini-series. 
521 |a 3 
538 |a Requires a valid library card and registration for new users. 
538 |a Mode of access: World Wide Web. 
538 |a System requirements: Flash 10.1 or higher, Windows XP and higher, Internet Explorer 7 and higher, Firefox 3.6 and higher, Google Chrome; Max OS 10.5 and higher, Safari 4 and higher. 
650 0 |a Comic books, strips, etc. 
655 7 |a Electronic books.  |2 local 
655 7 |a Comic books, strips, etc.  |2 gsafd 
700 1 |a Mannion, Steve.  |e writer. 
700 1 |a Mannion, Steve.  |e artist. 
710 2 |a Library Pass, LLC. 
856 4 0 |u http://proxy.library.tamu.edu/login?url=https://tamu.librarypass.com/product/com.iversecomics.asylum.press.fearless.dawn.four.09162011  |z Connect to this electronic book (First time users create your free account)  |t 0 
955 |a Comics Plus. 
999 f f |s f5246c5b-4153-43aa-8e85-896e46b9d541  |i 42e7b12d-1592-46c4-85c2-93869b6deb99  |t 0 
952 f f |a Texas A&M University  |b College Station  |c Electronic Resources  |d Available Online  |t 0  |h Library of Congress classification 
998 f f |t 0  |l Available Online